000 00730cam a22001815a 4500
001 L157243
008 121004s1868 xxk f 000 0 eng d
035 _a(Sirsi) u157243
041 0 _aeng
100 1 _aJohnston, Alexander Keith
_d1804-1871
245 0 4 _aThe royal atlas of modern geography
_bexhibiting, in a series of entirely original and authentic maps, the present condition of geographical discovery and research in the several countries, empires and states of the world
260 _aEdinburgh and London
_bWilliam Blackwood and Sons
_cMDCCCLXVIII [1868]
300 _a1 v.
_c50 cm.
583 _aCondition reviewed
_c20121002
_lcondition level 2
651 4 _aInternational
690 _aGeomatics
_96242
942 _n0
999 _c114670
_d114670